Statistics for Elements by Atomic Number/Alphabetical/Symbol: Hard

Click here to take the quiz!

General Stats

  • This quiz has been taken 51 times
  • The average score is 82 of 114

Answer Stats

ANSWER% Correct
Hydrogen
100%
Lithium
89%
Beryllium
89%
Helium
89%
Boron
84%
Carbon
84%
Nitrogen
84%
Oxygen
84%
Selenium
79%
Tantalum
79%
Thulium
79%
Erbium
79%
Arsenic
79%
Niobium
79%
Krypton
79%
Lanthanum
79%
Manganese
79%
Barium
79%
Antimony
79%
Cobalt
79%
Chromium
79%
Thallium
79%
Chlorine
79%
Fluorine
79%
Neon
79%
Magnesium
79%
Aluminium
79%
Actinium
79%
Sulfur
79%
Phosphorus
79%
Argon
79%
Astatine
79%
Calcium
79%
Bismuth
79%
Holmium
74%
Hafnium
74%
Gold
74%
Dysprosium
74%
Neodymium
74%
Praseodymium
74%
Iridium
74%
Curium
74%
Cesium
74%
Iodine
74%
Indium
74%
Tin
74%
Cerium
74%
Cadmium
74%
Strontium
74%
Sodium
74%
Silicon
74%
Potassium
74%
Scandium
74%
Iron
74%
Copper
74%
Bromine
74%
Rubidium
74%
Titanium
74%
Palladium
74%
Yttrium
68%
Zirconium
68%
Silver
68%
Lead
68%
Ruthenium
68%
Polonium
68%
Radon
68%
Protactinium
68%
Thorium
68%
Vanadium
68%
Plutonium
68%
Americium
68%
Lawrencium
68%
Bohrium
68%
Copernicium
68%
Mercury
68%
Francium
68%
Livermorium
68%
Zinc
68%
Samarium
68%
Europium
68%
Terbium
68%
Molybdenum
68%
Germanium
68%
Gallium
68%
Gadolinium
68%
Ytterbium
68%
Technetium
68%
Osmium
68%
Nickel
68%
Californium
63%
Flerovium
63%
Promethium
63%
Darmstadtium
63%
Rhenium
63%
Tellurium
63%
Einsteinium
63%
Xenon
63%
Uranium
63%
Tungsten
63%
Radium
63%
Rhodium
63%
Lutetium
63%
Platinum
63%
Berkelium
58%
Meitnerium
58%
Hassium
58%
Seaborgium
58%
Dubnium
58%
Rutherfordium
58%
Neptunium
58%
Nobelium
58%
Mendelevium
58%
Fermium
58%
Roentgenium
53%

Score Distribution

Percentile by Number Answered

Percent of People with Each Score

Your Score History

You have not taken this quiz